000 00735nam a2200241 a 4500
001 BRCA_4062
005 20190320204531.0
008 160210s1959----mx-a######---#000-0#spa-#
041 _aspa
044 _amx
050 4 _aZ1007
_b.M37 1959
100 1 _aMassa Gil, Beatriz
_910533
245 1 0 _aBibliografía sobre migración de trabajadores mexicanos a los Estados Unidos
_cpor Beatriz Massa Gil
260 _aMéxico
_bBanco de México, S. A.
_c1959
300 _a122 p.
_bil
_c21 cm
500 _aDedicatoria de la autora al Sr. Franz Mayer.
500 _aC136
651 4 _aMéxico
_xBibliografía
_910534
651 4 _aMéxico
_xMigración
_910535
651 4 _aMéxico
_xOcupaciones
_910536
902 _aGFM
942 _2lcc
_cB
999 _c3786
_d3786